Statistics for Biggest cities in each country #2

Click here to take the quiz!

General Stats

  • This quiz has been taken 34 times
  • The average score is 26 of 40

Answer Stats

Hint Answer % Correct
2,463,000Vancouver
100%
5,281,000Saint Petersburg
100%
RUSSIA13,936,000Moscow
100%
CANADA6,175,000Toronto
100%
14,885,000Rio De Janeiro
100%
4,098,000Montreal
97%
JAPAN37,438,000Tokyo
97%
BRAZIL23,436,000Sao Paulo
94%
1,324,000Ottawa
94%
1,393,000Calgary
94%
21,914,000Osaka
94%
1,321,000Edmonton
87%
4,724,000Brasilia
87%
5,922,000Kyoto
81%
7,916,000Belo Horizonte
77%
800,000Quebec City
74%
778,000Winnipeg
71%
13,229,000Nagoya
68%
6,128,000Recife
68%
1,261,000Nizhny Novgorod
65%
5,487,000Porto Alegre
65%
5,114,000Salvador
65%
8,884,500Sapporo
65%
4,996,000Fortaleza
65%
1,682,000Novosibirsk
58%
10,452,000Yokohama
58%
7,831,000Kobe
55%
1,170,000Samara
48%
8,745,000Fukuoka
45%
4,225,000Curitiba
45%
1,231,000Kazan
42%
1,178,000Omsk
39%
1,126,000Rostov-on-Don
35%
748,000Hamilton
32%
4,381,000Campinas
26%
612,000London
23%
1,199,000Chelyabinsk
19%
4,051,000Saitama
13%
5,223,000Kawasaki
10%
1,455,000Jekaterinburg
3%

Score Distribution

Percentile by Number Answered

Percent of People with Each Score

Your Score History

You have not taken this quiz